000 01057cab a2200277 4500
001 ##L135123
008 060926n2006 000 0 eng u
035 _a(Sirsi) u135123
041 0 _aeng
100 1 _aKivlehan, Noella Pio
245 0 0 _aFocus
_bIreland
260 _c2006
490 0 _aEstates Gazette
_v(0638) 23 September 2006, 157-183(17)
520 _aExamines various aspects of the commercial property market in Ireland, including the redevelopment of the former Maze prison into a sports stadium; a profile of Treasury Holdings and their projects; the mixed-use development at Adamstown in Dublin; developments in Cork and the current property sell-offs being undertaken by the Bank of Ireland and AIB. Tables.
590 _aIKA031006
651 4 _aIRELAND
651 4 _aBELFAST
651 4 _aDUBLIN
651 4 _aCORK
690 _aPROPERTY-COMMERCIAL PROPERTY-COMMERCIAL PROPERTY MARKET
700 1 _aMcClary, Samantha
700 1 _aCondon, Diarmaid
700 1 _aGibson, Robert
700 1 _aBuckley, Donal
942 _n0
999 _c77789
_d77789